Sports Quiz

Random Sports or Europe Quiz

European Cup/Champions league final goalscorers Quiz Stats

 Plays Quiz not verified by Sporcle

Challenge
Share
Tweet
Embed
Score 0/110 Timer 20:00
0 Plays Today
Year/Club Goalscorer % Correct
Barcelona '09 '11Lionel Messi
96.8%
Manchester United '08Cristiano Ronaldo
95.4%
Liverpool '05Steven Gerrard
92%
Chelsea '12Didier Drogba
90.3%
Real Madrid '02Zinedine Zidane
89.2%
Bayern Munich '12Thomas Müller
89%
Bayern Munich '74 (replay) '75Gerd Müller
89%
Manchester United '99Ole Gunnar Solskjaer
88.2%
Manchester United '99Teddy Sheringham
88%
Real Madrid '00 '02Raúl
86.9%
Chelsea '08Frank Lampard
86.1%
Barcelona '06 '09Samuel Eto'o
85.9%
Milan '07Filippo Inzaghi
85.7%
Real Madrid '56 '57 '58 '59 '60Alfredo di Stefano
85.4%
Manchester United '11Wayne Rooney
84%
Milan '05Paolo Maldini
84%
Liverpool '05Xabi Alonso
83.3%
Ajax '72Johan Cruijff
82.9%
Barcelona '11David Villa
82.5%
Liverpool '05Vladimir Smicer
81%
Milan '05Hernán Crespo
80%
Milan '89Marco van Basten
78.9%
Barcelona '11Pedro
78.7%
Arsenal '06Sol Campbell
77.8%
Real Madrid '60 '62Ferenc Puskas
77.6%
Benfica '62 '63Eusébio
77.4%
Ajax '95Patrick Kluivert
77.2%
Internazionale '10Diego Milito
77%
Manchester United '68George Best
75.9%
Juventus '97Alessandro Del Piero
75.1%
Porto '04Deco
75.1%
Manchester United '68Bobby Charlton
74.9%
Barcelona '06Juliano Belletti
74.1%
Milan '89Ruud Gullit
74.1%
Barcelona '92Ronald Koeman
71.9%
Real Madrid '00Fernando Morientes
71.9%
Liverpool '07Dirk Kuyt
71.5%
Year/Club Goalscorer % Correct
Real Madrid '00Steve McManaman
71.3%
Liverpool '78Kenny Dalglish
67.1%
Borussia Dortmund '97Karl-Heinz Riedle
66.9%
Juventus '85Michel Platini
66.5%
Valencia '01Gaizka Mendieta
65.2%
Bayern Munich '01Stefan Effenberg
65%
Milan '94Marcel Desailly
63.3%
Real Madrid '98Predrag Mijatovic
63.1%
Milan '90Frank Rijkaard
62.7%
Ajax '96Jari Litmanen
62%
Bayern Munich '99Mario Basler
60.8%
Borussia Dortmund '97Lars Ricken
60.5%
Juventus '96Fabrizio Ravanelli
59.7%
Milan '94Dejan Savicevic
58.2%
Bayer Leverkusen '02Lúcio
57.6%
Milan '94Daniele Massaro
56.1%
Marseille '93Basile Boli
55.1%
Porto '04Carlos Alberto
48.5%
Real Madrid '57 '58Francisco Gento
47.3%
Porto '04Dmitri Alenichev
46.2%
Ajax '73Johnny Rep
45.6%
Liverpool '81Alan Kennedy
41.8%
Nottingham Forest '79Trevor Francis
41.4%
Bayern Munich '74 (replay)Uli Hoeness
39.7%
Manchester United '68Brian Kidd
39.5%
Hamburg SV '83Felix Magath
39.2%
Liverpool '77 '84Phil Neal
36.9%
Aston Villa '82Peter Withe
36.3%
Porto '87Rabah Madjer
35.2%
Borussia Mönchengladbach '77Allan Simonsen
33.3%
Liverpool '77Tommy Smith
33.3%
Ajax '71Arie Haan
33.1%
Internazionale '64 '67Sandro Mazzola
31.9%
Nottingham Forest '80John Robertson
31.6%
Atletico Madrid '74Luis Aragonés
30.8%
Barcelona '61Sándor Kocsis
28.1%
Bayern Munich '74Hans-Georg Schwarzenbeck
28.1%
Year/Club Goalscorer % Correct
Feyenoord '70Rinus Israël
26.2%
Celtic '67 '70Tommie Gemmell
25.7%
Liverpool '77Terry McDermott
25.1%
Ajax '69Velibor Vasovic
24.1%
Partizan Belgrade '66Velibor Vasovic
24.1%
Ajax '71Dick van Dijk
22.4%
Bayern Munich '75 '76Franz Roth
22.4%
Feyenoord '70Ove Kindvall
21.7%
Milan '63José Altafini
21.1%
Barcelona '61Zoltán Czibor
20.9%
Eintracht Frankfurt '60Erwin Stein
19.8%
Benfica '61 '62José Águas
18.1%
Real Madrid '56 '58Héctor Rial
17.5%
Celtic '67Stevie Chalmers
17.3%
Porto '87Juary
17.3%
Benfica '61 '62Mário Coluna
16.9%
Internazionale '65Jair da Costa
15.6%
Real Madrid '66Amancio Amaro
15.4%
Milan '69Pierino Prati
15.4%
Stade Reims '56Michel Hidalgo
14.8%
Milan '58Juan Schiaffino
14.8%
Bayern Munich '87Ludwig Kögl
14.6%
Roma '84Roberto Pruzzo
13.7%
Benfica '61 (o.g.)Antoni Ramallets
13.1%
Real Madrid '66Fernando Serena
11.8%
Stade Reims '56Jean Templin
8.6%
Internazionale '64Aurelio Milani
8.6%
Stade Reims '56Michel Leblond
8.4%
Benfica '62Domiciano Cávem
7.8%
Benfica '68Jaime Graca
6.3%
Milan '69Angelo Sormani
5.9%
Real Madrid '64Felo
5.1%
Real Madrid '56Marcos Alonso Imaz
4.9%
Real Madrid '59Enrique Mateos
4.4%
Eintracht Frankfurt '60Richard Kress
4%
Milan '58Ernesto Grillo
3.6%

You're not logged in!

Compare scores with friends on all Sporcle quizzes.
Join for Free
OR
Log In

You Might Also Like...

Show Comments

Extras

Top Quizzes Today


Score Distribution

Your Account Isn't Verified!

In order to create a playlist on Sporcle, you need to verify the email address you used during registration. Go to your Sporcle Settings to finish the process.

Report this User

Report this user for behavior that violates our Community Guidelines.

Details: